000 00964nam a2200241 a 4500
001 BRCA_2174
005 20190320203711.0
008 890526s1988 mx-a---##b---#001-0dspa-c
020 _a9681203917
040 _aDLC/TxU
_cTxU
_dDLC
050 4 _aF1211
_b.G59 1988
100 1 _aGonzález Claverán, Virginia
_96558
245 1 0 _aLa expedición científica de Malaspina en Nueva España
_b1789-1794
_cVirginia González Claverán.
260 _aMéxico
_bEl Colegio de México, Centro de Estudios Históricos
_c1988
300 _a528 p.
_bil. (algunas a color)
_c22 cm.
500 _aIncluye índice onomástico e índice geográfico
504 _aBibliografía : p. 525-528
600 1 4 _aMalaspina, Alessandro
_d1754-1809
_xViajes
_zMéxico
_96559
650 1 4 _aExpediciones científicas
_xHistoria
_ySiglo XVIII
_zMéxico
_96560
651 4 _aMéxico
_xDescripción y viajes
_9103
651 4 _aMéxico
_xDescubrimiento y exploración española
_96561
942 _2lcc
_cB
999 _c1930
_d1930